Controlando la Corrupción: (Registro nro. 8423)
[ vista simple ]
| 000 -LEADER | |
|---|---|
| fixed length control field | 01042nam a2200217Ia 4500 |
| 005 - FECHA Y HORA DE LA ÚLTIMA TRANSACCIÓN | |
| control field | 20241210104914.0 |
| 008 - FIXED-LENGTH DATA ELEMENTS--GENERAL INFORMATION | |
| fixed length control field | 230621s9999 xx 000 0 und d |
| 020 ## - INTERNATIONAL STANDARD BOOK NUMBER | |
| International Standard Book Number | 950-07-0946-5 |
| 040 ## - CATALOGING SOURCE | |
| Original cataloging agency | UPAN |
| Transcribing agency | Biblioteca San Vicente |
| Description conventions | RCAA2 |
| 041 ## - LANGUAGE CODE | |
| Language code of text/sound track or separate title | spa |
| 082 ## - DEWEY DECIMAL CLASSIFICATION NUMBER | |
| Classification number | 350.9 |
| Item number | K558c |
| año de publicación | 1994 |
| 100 ## - MAIN ENTRY--PERSONAL NAME | |
| Personal name | Klitgaard, Robert |
| Relator code | aut. |
| 245 #0 - TITLE STATEMENT | |
| Title | Controlando la Corrupción: |
| Remainder of title | Una indagación practica para el gran problema social de fin de siglo/ |
| Statement of responsibility, etc | Robert Klitgaard; Emilio M. Sierra Ochoa |
| 250 ## - EDITION STATEMENT | |
| Edition statement | 1° ed. |
| 260 ## - PUBLICATION, DISTRIBUTION, ETC. (IMPRINT) | |
| Place of publication, distribution, etc | Buenos Aires: |
| Name of publisher, distributor, etc | Sudamericana, |
| Date of publication, distribution, etc | 1994 |
| 300 ## - PHYSICAL DESCRIPTION | |
| Extent | 227 p.; |
| Dimensions | 23 cm. |
| 505 ## - FORMATTED CONTENTS NOTE | |
| Formatted contents note | 1. Introducción. <br/>2. Objetivos. <br/>3. Medidas de política. <br/>4. Desmantelar la corrupción: cuándo y cómo crear una oficina anticorrupción. <br/>5. Combinación de políticas internas y externas. <br/>6. La corrupción en un choque de culturas. <br/>7. Estrategias de implantación o puesta en práctica. <br/>8. Revisión y ampliación. |
| 650 ## - SUBJECT ADDED ENTRY--TOPICAL TERM | |
| Source of heading or term | LEMP |
| General subdivision | Corrupción administrativa |
| 700 ## - ADDED ENTRY--PERSONAL NAME | |
| Personal name | Sierra Ochoa, Emilio M. |
| Relator code | tr. |
| 942 ## - ADDED ENTRY ELEMENTS (KOHA) | |
| Koha item type | Libros |
| Source of classification or shelving scheme | Dewey Decimal Classification |
| Withdrawn status | Lost status | Source of classification or shelving scheme | Damaged status | Not for loan | Collection code | Home library | Current library | Date acquired | Total Checkouts | Full call number | Barcode | Date last seen | Copy number | Price effective from | Koha item type |
|---|---|---|---|---|---|---|---|---|---|---|---|---|---|---|---|
| Dewey Decimal Classification | Colección General | Biblioteca UPAN San Vicente | Biblioteca UPAN San Vicente | 22/06/2023 | 350.9 K558c | 12001131 | 22/06/2023 | 01 | 22/06/2023 | Libros | |||||
| Dewey Decimal Classification | Colección General | Biblioteca UPAN San Vicente | Biblioteca UPAN San Vicente | 10/07/2023 | 350.9 K558c | 12001132 | 10/07/2023 | 02 | 10/07/2023 | Libros |